logo

Bir Sreshtho Munshi Abdur Rouf Library
Jhenaidah Cadet College

ফিরিশতা জগৎ / (Record no. 10787)

MARC details
000 -LEADER
fixed length control field 00973nam a2200241 a 4500
001 - CONTROL NUMBER
JCCL Control Number 10787
003 - CONTROL NUMBER IDENTIFIER
JCCL marc code BD-JhCC
005 - DATE AND TIME OF LATEST TRANSACTION
control field 20190403100714.0
008 - FIXED-LENGTH DATA ELEMENTS--GENERAL INFORMATION
fixed length control field 190403s2014 bg |||| |||| 000 0 mul d
020 ## - INTERNATIONAL STANDARD BOOK NUMBER
International Standard Book Number 9789849023074
035 ## - SYSTEM CONTROL NUMBER
system control number (BD-JhCC)10787
040 ## - CATALOGING SOURCE
Original cataloging agency BD-JhCC
Modifying agency BD-JhCC
041 ## - LANGUAGE CODE
Language code of Book Bengali and Arabic
082 ## - DEWEY DECIMAL CLASSIFICATION NUMBER
Classification number 297.215
Author mark and Year ALA 2014
100 ## - MAIN ENTRY--PERSONAL NAME
Personal name আল-আশকার, উমার সুলাইমান
245 ## - TITLE STATEMENT
Title ফিরিশতা জগৎ /
Statement of responsibility, etc উমার সুলাইমান আল-আশকার এবং অনুবাদক আব্দুল হামীদ ফাইযী
260 ## - PUBLICATION, DISTRIBUTION, ETC. (IMPRINT)
Place of publication, distribution, etc ঢাকা :
Name of publisher, distributor, etc তাওহীদ পাবলিকেশন্স,
Date of publication, distribution, etc ২০১৪.
300 ## - PHYSICAL DESCRIPTION
Pagination ১৪৩ পৃ. :
Dimensions ১৯ সেমি.
504 ## - BIBLIOGRAPHY, ETC. NOTE
Bibliography, etc গ্রন্থপঞ্জি অর্ন্তভূক্ত
650 ## - SUBJECT ADDED ENTRY--TOPICAL TERM
Topical term or geographic name as entry element Angels
General subdivision Islam
700 ## - ADDED ENTRY--PERSONAL NAME
Personal name ফাইযী, আবদুল হামীদ
942 ## - ADDED ENTRY ELEMENTS (KOHA)
Source of classification or shelving scheme Dewey Decimal Classification
Koha item type Books
Holdings
Source of classification or shelving scheme Damaged status Not for loan Home library Current library Shelving location Date of accession Source of acquisition Cost, normal purchase price Total Checkouts Full call number Barcode Date last seen Date checked out Copy number Koha item type
Dewey Decimal Classification     JCC Rouf Library JCC Rouf Library General Stacks 04/03/2019 Rokomair. com 70.00 1 297.215 ALA 2014 1128 06/18/2023 05/21/2023 C-1 Books

JCC Library | Contacts | JCC Home

Last Update on 23 September 2017
Copyright @ 2017-2020 JCC Rouf Library
Rouf Library, Jhenidah Cadet College (JCC), Bangladesh